<?xml version="1.0" encoding="UTF-8"?>
<marc:record xmlns:marc="http://www.loc.gov/MARC21/slim">
   <marc:leader>00000nam a2200000 a 4500</marc:leader>
   <marc:datafield ind1="1" ind2=" " tag="100">
      <marc:subfield code="a">Pörksen, Bernhard</marc:subfield>
      <marc:subfield code="4">aut</marc:subfield>
      <marc:subfield code="e">Verfasser/-in</marc:subfield>
   </marc:datafield>
   <marc:datafield ind1=" " ind2=" " tag="653">
      <marc:subfield code="a">Wirtschaft</marc:subfield>
   </marc:datafield>
   <marc:datafield ind1=" " ind2=" " tag="653">
      <marc:subfield code="a">Gesellschaft</marc:subfield>
   </marc:datafield>
   <marc:datafield ind1=" " ind2=" " tag="653">
      <marc:subfield code="a">Medienwissenschaft</marc:subfield>
   </marc:datafield>
   <marc:datafield ind1="0" ind2="0" tag="245">
      <marc:subfield code="a">Die große Gereiztheit</marc:subfield>
   </marc:datafield>
   <marc:datafield ind1="0" ind2="0" tag="245">
      <marc:subfield code="b">Wege aus der kollektiven Erregung</marc:subfield>
   </marc:datafield>
   <marc:datafield ind1=" " ind2="1" tag="264">
      <marc:subfield code="b">Carl Hanser Verlag</marc:subfield>
      <marc:subfield code="c">2018</marc:subfield>
   </marc:datafield>
   <marc:datafield ind1="1" ind2=" " tag="520">
      <marc:subfield code="a">Terrorwarnungen, Gerüchte, die Fake-News-Panik, Skandale und Spektakel in Echtzeit – unsere vernetzte Welt existiert längst in einer Stimmung von Nervosität und Gereiztheit. Der Universitätsprofessor Bernhard Pörksen analysiert die Erregungsmuster des digitalen Zeitalters und beschreibt das große Geschäft mit der Desinformation. Er führt vor, wie sich unsere Idee von Wahrheit, die Dynamik von Enthüllungen und der Charakter von Debatten verändern. Heute ist jeder zum Sender geworden, der Einfluss etablierter Medien schwindet. In dieser Situation gehört der kluge Umgang mit Informationen zur Allgemeinbildung und sollte in der Schule gelehrt werden. Medienmündigkeit ist zur Existenzfrage der Demokratie geworden.</marc:subfield>
   </marc:datafield>
   <marc:datafield ind1=" " ind2=" " tag="020">
      <marc:subfield code="a">9783446258440</marc:subfield>
      <marc:subfield code="9">9783446258440</marc:subfield>
   </marc:datafield>
</marc:record>
